000 01267nam a2200289Ia 4500
999 _c54520
_d54520
001 21584
003 GE_BSU
005 20211202160812.0
008 181216s1975||||ge |||||||||||||| ||geo||
040 _cGE_BSU
041 _ageo
080 _a811.353.1'282 ნ-69
100 _aნიჟარაძე, შოთა
_913156
245 _aაჭარული დიალექტი :
_bფონეტიკა, გრამატიკა, ლექსიკა /
_cშოთა ნიჟარაძე ; რედ. ილია მაისურაძე.
245 _cრედ.:ილია მაისურაძე
260 _bსაბჭ. აჭარა
260 _c1975
264 _aბათუმი :
_bსაბჭ. აჭარა,
_c1975.
300 _a231 გვ. ;
_c21 სმ.
500 _aსაძიებელი გვ. : 223-227
520 _aრეზიუმე რუსულ და გერმანულ ენებზე
541 _h3 ლ.
653 _aაჭარული დიალექტი
653 _aქართული ენის დიალექტები
700 _aმაისურაძე, ილია
_eრედაქტორი
_913157
942 _cBK
_2udc